Service charges and other issues (Record no. 106238)

MARC details
000 -LEADER
fixed length control field 01268cam a2200253 4500
001 - CONTROL NUMBER
control field L135913
008 - FIXED-LENGTH DATA ELEMENTS--GENERAL INFORMATION
fixed length control field 061218u2023 000 0 eng u
035 ## - SYSTEM CONTROL NUMBER
System control number (Sirsi) u135913
041 0# - LANGUAGE CODE
Language code of text/sound track or separate title eng
110 2# - MAIN ENTRY--CORPORATE NAME
Corporate name or jurisdiction name as entry element Leasehold Advisory Service
9 (RLIN) 3510
245 00 - TITLE STATEMENT
Title Service charges and other issues
Medium [electronic resource]
260 ## - PUBLICATION, DISTRIBUTION, ETC.
Place of publication, distribution, etc. London
Name of publisher, distributor, etc. Leasehold Advisory Service
Date of publication, distribution, etc. - a continually updated resource
520 ## - SUMMARY, ETC.
Summary, etc. Directed towards leaseholders, including tenant who may pay variable service charges and administration charges. Covers the issues of service charges, administration charges, insurance, ground rent, Estate Management Scheme charges, recognised Tenants' Associations, and forfeiture and possession.
590 ## - LOCAL NOTE (RLIN)
Local note KA
650 24 - SUBJECT ADDED ENTRY--TOPICAL TERM
Topical term or geographic name entry element LANDLORD AND TENANT ACT 1985
650 24 - SUBJECT ADDED ENTRY--TOPICAL TERM
Topical term or geographic name entry element COMMONHOLD AND LEASEHOLD REFORM ACT 2002
650 24 - SUBJECT ADDED ENTRY--TOPICAL TERM
Topical term or geographic name entry element LEASEHOLD REFORM, HOUSING AND URBAN DEVELOPMENT ACT 1993
650 24 - SUBJECT ADDED ENTRY--TOPICAL TERM
Topical term or geographic name entry element LEASEHOLD REFORM ACT 1967 S19
650 24 - SUBJECT ADDED ENTRY--TOPICAL TERM
Topical term or geographic name entry element LAW OF PROPERTY ACT 1925 S146
651 #4 - SUBJECT ADDED ENTRY--GEOGRAPHIC NAME
Geographic name England and Wales
Chronological subdivision 1543-
690 ## - LOCAL SUBJECT ADDED ENTRY--TOPICAL TERM (OCLC, RLIN)
Topical term or geographic name as entry element PROPERTY-LEASEHOLD PROPERTY-LANDLORD AND TENANT-LEASES
856 40 - ELECTRONIC LOCATION AND ACCESS
Uniform Resource Identifier <a href="https://www.lease-advice.org/advice-guide/service-charges-other-issues/">https://www.lease-advice.org/advice-guide/service-charges-other-issues/</a>
Public note View the item free of charge at www.lease-advice.org...
942 ## - ADDED ENTRY ELEMENTS (KOHA)
Suppress in OPAC 0
Source of classification or shelving scheme Dewey Decimal Classification
Holdings
Withdrawn status Lost status Damaged status Not for loan Home library Current library Shelving location Date acquired Total Checkouts Full call number Date last seen Copy number Price effective from Koha item type
        Virtual Virtual Online 18/12/2006   ONLINE PUBLICATION 12/02/2024 1 06/08/2019 Online material